LEADER 01240nam a2200265 i 4500 001 000000238105 003 CaOOAMICUS 005 20190114124631.0 008 140203s1949 it u000 u ita u 013 $a217010 040 $aSeMil$bita 100 1 $aGroethuysen, Bernhard <1887-1946>.$0(OLS)http://semarc/name/34116 240 10$aOrigines de l'esprit bourgeois en France.$0(OLS)http://semarc/title/158059 245 10$aOrigini dello spirito borghese in Francia. 1, La Chiesa e la borghesia /$cBernard Groethuysen ; traduzione di Alessandro Forti. 260 $aTorino ; Milano :$bEinaudi :$bIl Saggiatore,$c1949. 300 $a351 p. ;$c17 cm. 490 0 $aI gabbiani ;$v8 650 4$aBorghesia - Francia - Storia.$0(OLS)http://semarc/subject/42149 700 1 $aForti, Alessandro.$0(OLS)http://semarc/name/45754 830 2$aI gabbiani ;$v8.$0(OLS)http://semarc/title/7279 850 $aSeMil 852 $aSeMil$W1$xVenegono$y1$m3N I 318$j188451$B188451$CSeMilBibl$Z2$F199211 $81 996 $6245$aOrigini dello spirito borghese in Francia. 1, La Chiesa e la borghesia$9(OLS)http://semarc/title/339326 996 $6260$aTorino ; Milano :$bEinaudi :$bIl Saggiatore$9(OLS)http://semarc/publisher/45018 LEADER 00830nam a2200229 i 4500 001 000000239583 003 CaOOAMICUS 005 20150311000000.0 008 150311s1965 it u000 u ita u 013 $a218488 040 $aSeMil$bita 100 1 $aSpirito, Ugo <1896-1979>.$0(OLS)http://semarc/name/1366 245 13$aIl comunismo /$cUgo Spirito. 260 $aFirenze :$bSansoni,$ccopyr. 1965. 300 $a304 p. ;$c20 cm. 490 0 $aBiblioteca Sansoni 650 4$aComunismo.$0(OLS)http://semarc/subject/9741 830 0$aBiblioteca Sansoni.$0(OLS)http://semarc/title/7243 850 $aSeMil 852 $aSeMil$W1$xVenegono$y1$m3N II 329$j189929$B189929$CSeMilBibl$Z2$F200763 $81 996 $6245$aIl comunismo$9(OLS)http://semarc/title/93680 996 $6260$aFirenze :$bSansoni$9(OLS)http://semarc/publisher/29843